LEADER 01084cam0-22003971i-450- 001 990002531240403321 005 20120801103410.0 035 $a000253124 035 $aFED01000253124 035 $a(Aleph)000253124FED01 035 $a000253124 100 $a20030910d1956----km-y0itay50------ba 101 0 $aita 102 $aIT 105 $ay-------001yy 200 1 $aEconomia lavorista$eproblemi di lavoro$fCorrado Gini 210 $aTorino$cUTET$d1956 215 $aXV, 321 p.$d25 cm 225 1 $aSociologi ed economisti$v19 610 0 $aTrattazioni di statistica a carattere generale, Biografie 676 $aG/2.0 676 $a331.7$v20$zita 700 1$aGini,$bCorrado$f<1884-1965>$067725 801 0$aIT$bUNINA$gRICA$2UNIMARC 901 $aBK 912 $a990002531240403321 952 $aISVE J2-J6.18$fDECTS 952 $aXXX-C-6$b1025$fMAS 952 $aG/2.0 GIN$b010155$fSES 952 $aXV C 9 (19)$b52865$fFGBC 959 $aDECTS 959 $aMAS 959 $aSES 959 $aFGBC 996 $aEconomia lavorista$9438654 997 $aUNINA LEADER 01378nam2-2200385li-450 001 990000215800203316 005 20180312154735.0 010 $a3-540-15981-9 035 $a0021580 035 $aUSA010021580 035 $a(ALEPH)000021580USA01 035 $a0021580 100 $a20001109d1985----km-y0itay0103----ba 101 0 $aeng 102 $aGW 200 1 $aSingular perturbation analysis of discrete control systems$fD. S. Naidu, A. K. Rao 210 $aBerlin [etc.]$cSpringer Verlag$dcopyr. 1985 215 $a195 p.$cill.$d25 cm 225 2 $aLecture notes in mathematics$v1154 410 0$10010021263$12001$aLecture notes in mathematics$ea collection of informal reports and seminars$fedited by A. Dold, Heidelberg and B. Eckmann, Zürich 610 1 $aequazioni alle differenze finite 676 $a515625$9Equazioni alle differenze finite 700 1$aNaidu,$bDesineni S.$0478886 702 1$aRao,$bAyalasomayajula K. 801 $aSistema bibliotecario di Ateneo dell' Università di Salerno$gRICA 912 $a990000215800203316 951 $a510 LNM ( 1154)$b0011992 959 $aBK 969 $aSCI 979 $c19900626 979 $c20001110$lUSA01$h1714 979 $c20020403$lUSA01$h1629 979 $aPATRY$b90$c20040406$lUSA01$h1616 996 $aSingular perturbation analysis of discrete control systems$9262625 997 $aUNISA